Click the Counties of Lithuania on a Map - Statistics

General Stats
  • This quiz has been taken 76 times
  • The average score is 7 of 10
Answers on the Map
Answers color-coded by a green-red scale on the quiz's map according to % correct below.
 
Answer Stats
Answer % Correct
Vilnius County
89%
Klaipėda County
86%
Kaunas County
83%
Panevėžys County
71%
Šiauliai County
66%
Alytus County
63%
Marijampolė County
57%
Telšiai County
49%
Utena County
49%
Tauragė County
43%
No matching quizzes found
Score Distribution
Percent of People with Each Score
Percentile by Number Answered
Your Score History
You have not taken this quiz